Maiores cias aéreas da europa em 2026 - Statistics

Estatísticas Gerais
  • Esse quiz foi jogado 7 vezes
  • A pontuação média é 15 de 48
Estatísticas das Respostas
País Frota Cia Aérea % Correto
Irlanda 348 Ryanair
100%
Portugal 101 TAP Air Portugal
100%
França 229 Air France
86%
Reino Unido 298 British Airways
86%
Espanha 97 Iberia
86%
Itália 106 ITA Airways
86%
Países Baixos 122 KLM Royal Dutch
86%
Alemanha 305 Lufthansa
86%
Suíça 93 Swiss
86%
Reino Unido 193 easyJet
71%
Noruega 42 Norwegian
57%
Espanha 46 Air Europa
43%
Sérvia 29 Air Serbia
43%
Reino Unido 127 Jet2.com
43%
Suécia 136 SAS Scandinavian Airlines
43%
França 90 Transavia
43%
Espanha 140 Vueling Airlines
43%
Hungria 110 Wizz Air
43%
Grécia 69 Aegean Airlines
29%
Azerbaijão 35 AZAL Azerbaijan Airlines
29%
Finlândia 79 Finnair
29%
Polônia 86 LOT Polish Airlines
29%
Reino Unido 129 TUI Airways
29%
Letônia 52 airBaltic
14%
Áustria 67 Austrian Airlines
14%
Bélgica 46 Brussels Airlines
14%
Alemanha 52 Condor
14%
Alemanha 30 Discover Airlines
14%
Polônia 34 Enter Air
14%
Alemanha 70 Eurowings
14%
Islândia 47 Icelandair
14%
Reino Unido 36 Loganair
14%
Grécia 29 Sky Express
14%
Reino Unido 43 Virgin Atlantic
14%
Noruega 51 Wideroe
14%
Alemanha 28 AeroLogic
0%
Itália 27 Air Dolomiti
0%
Irlanda 61 Air Lingus
0%
Bélgica 34 ASL Airlines Belgium
0%
Luxemburgo 26 Cargolux
0%
Suíça 23 Eldelweiss
0%
Suíça 20 Helvetic Airways
0%
Malta 26 Lauda Europe
0%
Itália 18 Neos
0%
Finlândia 24 NORRA Nordic Regional Airlines
0%
Chéquia 41 Smartwings
0%
Espanha 43 Swiftair
0%
Espanha 40 Vototea Airlines
0%
Nenhum quiz correspondente encontrado
Distribuição das Pontuações
Porcentagem de Pessoas com Cada Pontuação
Percentil de Números Respondidos
Sua Pontuação Histórica
Você não jogou esse quiz